What's It Stand For? Middle Initials Quiz Stats

 Plays Quiz Updated Mar 19, 2019

Score 0/20 Timer 05:00
2 Plays Today
Name Middle Name % Correct
FRANKLIN D. ROOSEVELT
Demetrius, Deangelo, Delano
???
90.4%
ROBERT F. KENNEDY
Felix, Francis, Ferdinand
???
87.1%
GEORGE W. BUSH
William, Walker, Wilson
???
86.8%
JOHN F. KENNEDY
Fitzgerald, Fabio, Franklin
???
86.3%
LYNDON B. JOHNSON
Baxter, Baines, Boniface
???
80.6%
JAMES T. KIRK
Thelonius, Triton, Tiberius
???
76.3%
RICHARD M. NIXON
Milton, Milhous, Moe
???
74.6%
HOMER J. SIMPSON
Jay, Jesus, Jethro
???
63.3%
ROBERT E. LEE
Edward, Ethelred, Erasmus
???
61.6%
DWIGHT D. EISENHOWER
David, Dempsey, Douglas
???
57.3%
Name Middle Name % Correct
MARY J. BLIGE
Jasmin, Jacquelle, Jane
???
55.3%
SUSAN B. ANTHONY
Brownell, Bertha, Bathsheba
???
55.2%
GEORGE C. SCOTT
Campbell, Claudius, Cleveland
???
52.8%
SAMUEL L. JACKSON
Lucius, Langston, Leroy
???
50.2%
DWIGHT K. SCHRUTE
Klaus, Kurt, Kenneth
???
43%
EDWARD R. MURROW
Reginald, Robespierre, Roscoe
???
37%
HUNTER S. THOMPSON
Simon, Stockton, Sebastian
???
36.8%
BOOKER T. WASHINGTON
Taliaferro, Taurus, Trevor
???
25.4%
CECIL B. DEMILLE
Blount, Bingham, Bishop
???
24.2%
PHILIP K. DICK
Kelvin, King, Kindred
???
13.8%

You're not logged in!

Compare scores with friends on all Sporcle quizzes.
OR
Log In

Show Comments

Extras

Top Quizzes Today


Score Distribution

Your Account Isn't Verified!

In order to create a playlist on Sporcle, you need to verify the email address you used during registration. Go to your Sporcle Settings to finish the process.

Report this User

Report this user for behavior that violates our Community Guidelines.

Details: